000 00398 a2200157 4500
999 _c28798
_d28798
003 NUST
005 20180117114100.0
008 180117b xxu||||| |||| 00| 0 eng d
020 _a0471032948
020 _a9780471032946
040 _cNUST
082 0 4 _a515.35
100 1 _aRoss, Shepley L.
_98537
245 1 0 _aDifferential equations, 2nd edition /
_cShepley L. Ross.
250 _a2nd ed.
260 _a[S.l.] :
_bWiley,
_c1964.
300 _a816 p. ;
_c26 cm.
942 _aSNS
_cBK
_k515.35 ROS
_2ddc